Central Library OPAC University of Rajshahi

The Constitution of Pakistan / (Record no. 59929)

MARC details
000 -LEADER
fixed length control field 00646nam a2200229 a 4500
001 - CONTROL NUMBER
control field 59929
003 - CONTROL NUMBER IDENTIFIER
rucl marc code BD-RjUL
005 - DATE AND TIME OF LATEST TRANSACTION
control field 20211209080801.0
008 - FIXED-LENGTH DATA ELEMENTS--GENERAL INFORMATION
fixed length control field 161227s1964 ii 000 0 eng
035 ## - SYSTEM CONTROL NUMBER
System control number (BD-RjUL)60053
040 ## - CATALOGING SOURCE
Original cataloging agency DLC
Transcribing agency CarP
Modifying agency DLC
Language of cataloging eng
041 ## - LANGUAGE CODE
Language code of text/sound track or separate title eng
082 ## - DEWEY DECIMAL CLASSIFICATION NUMBER
Edition number 23
Classification number 342.547
Author mark and year MAC 1964
100 1# - MAIN ENTRY--PERSONAL NAME
Personal name Mahajan, Vidya Dhar.
9 (RLIN) 178268
245 14 - TITLE STATEMENT
Title The Constitution of Pakistan /
Statement of responsibility, etc. Vidya Dhar Mahajan
250 ## - EDITION STATEMENT
Edition statement rev. 2nd ed.
260 ## - PUBLICATION, DISTRIBUTION, ETC. (IMPRINT)
Place of publication, distribution, etc. Lahore :
Name of publisher, distributor, etc. Munawar Book Depot,
Date of publication, distribution, etc. 1964
300 ## - PHYSICAL DESCRIPTION
Pagination 48 p. ;
Size 22 cm.
650 #0 - SUBJECT ADDED ENTRY--TOPICAL TERM
Topical term or geographic name as entry element Constitutional law
Geographic subdivision Pakistan.
9 (RLIN) 176394
942 ## - ADDED ENTRY ELEMENTS (KOHA)
Source of classification or shelving scheme Dewey Decimal Classification
Koha item type Books
Holdings
Lost status Source of classification or shelving scheme Damaged status Not for loan Collection code Permanent Location Current Location Shelving location Date acquired Source of acquisition Cost, normal purchase price Total Checkouts Full call number Date last seen Copy number Koha item type
  Dewey Decimal Classification   Not For Loan Non-fiction Central Library, University of Rajshahi Central Library, University of Rajshahi Reading Room 15/01/1965 Pakistani law house 34.00   342.547 MAC 1964 27/12/2016 C-1 Books